Boss de Dark Souls 3 par images. - Statistiques

Statistiques générales
  • Ce quiz a été pris 52 fois
  • Le résultat moyen est 6 sur 14
Statistiques - réponses
Par images Réponse % Correct
Roi sans nom
90%
Iudex Gundyr
69%
Vordt de la vallée boréale
60%
Diacres des profondeurs
55%
Chef Suprême Wolnir
48%
Vieux Roi Démon
43%
Sage de crystal
38%
Vouivre Ancienne
36%
Yhorm le Géant
36%
Grand Maître Sulyvahn
29%
Oceiros, le roi illuminé
24%
Danceuse de la vallée boréale
19%
Aldrich, dévoreur des Dieux
10%
Lorian le Prince Aîné et Lothric le Prince Cadet
2%
Aucun quiz correspondant
Distribution des résultats
% des personnes avec chaque résultat
Percentile par nombre de réponses
Votre historique - résultats
Vous n’avez pas pris ce quiz